Cultural Intelligence & Artificial Intelligence and their Negotiation Potential in Terms of International Trade diplomová práca

Gespeichert in:
Bibliographische Detailangaben
1. Verfasser: Yu, Xinyi
Körperschaft: Obchodná fakulta EU. Katedra medzinárodného obchodu
Weitere Verfasser: Čiderová, Denisa, 1977-
Format: Buch
Sprache:Englisch
Veröffentlicht: Bratislava 2024
Tags: Tag hinzufügen
Keine Tags, Fügen Sie das erste Tag hinzu!

MARC

LEADER 00000nbm a2200000 4500
001 0302283
005 20250812090444.6
041 0 |a eng 
044 |a SK 
245 1 0 |a Cultural Intelligence & Artificial Intelligence and their Negotiation Potential in Terms of International Trade  |b diplomová práca  |c Xinyi Yu ; školiteľ: Denisa Čiderová 
264 1 |a Bratislava  |c 2024 
300 |a 125 s. 
100 1 |a Yu, Xinyi 
700 1 |a Čiderová, Denisa, 1977- 
710 2 |a Obchodná fakulta EU. Katedra medzinárodného obchodu